| 000 | 00956nam a22003257a 4500 | ||
|---|---|---|---|
| 005 | 20250729163106.0 | ||
| 008 | 160607b xxu||||| |||| 00| 0 spa d | ||
| 020 | _a9789968315364 | ||
| 041 | _aESP | ||
| 082 | _a333.72 L789a | ||
| 100 |
_aLizana Ibáñez, Fernando _954344 |
||
| 245 | _aAnálisis del desempeño ambiental y político de Costa Rica: seminario de realidad nacional: tercer módulo | ||
| 260 |
_aCosta Rica _bEUNED _c2007 |
||
| 300 | _a148 páginas | ||
| 490 | _aTurismo | ||
| 650 | _aCOSTA RICA | ||
| 650 | _aDESARROLLO HUMANO SOSTENIBLE | ||
| 650 | _aPROTECCIÓN DEL MEDIO AMBIENTE | ||
| 650 | _aANÁLISIS AMBIENTAL | ||
| 650 | _aPOLÍTICA AMBIENTAL | ||
| 650 | _aPATRIMONIO CULTURAL | ||
| 650 | _aRECURSOS MARINOS | ||
| 650 | _aSUELO | ||
| 650 | _aAGUA | ||
| 650 | _aCONTAMINACIÓN AMBIENTAL | ||
| 650 | _aDESECHOS SÓLIDOS | ||
| 650 | _aANÁLISIS POLÍTICO | ||
| 650 | _aREFORMA DEL ESTADO | ||
| 942 |
_cBK _2ddc |
||
| 999 |
_c8258 _d8258 |
||